| 000 | 00000nas##2200000za#4500 |
| 001 | 9.508667 |
| 003 | CaOODSP |
| 005 | 20200325101419 |
| 007 | ta |
| 008 | 150406c2001||||xxc|| p #||||f| |0fre|d |
| 040 | |aCaOODSP|bfre |
| 041 | |aeng |
| 041 | |afre |
| 043 | |an-cn--- |
| 086 | 1 |aRH32-1 |
| 110 | 1 |aCanada.|bDéveloppement des ressources humaines Canada. |bBureau de la condition des personnes handicapées. |
| 245 | 10|aBulletin de recherche sur la condition des personnes handicapées |
| 260 | |aOttawa - Ontario : |bDéveloppement des ressources humaines Canada. |
| 310 | |aTrimestriel |
| 546 | |aBilingue |
| 563 | |aCouverture souple |
| 776 | 0#|tBulletin de recherche sur la condition des personnes handicapées |w(CaOODSP)9.503539 |
| 776 | 0#|tDisability research bulletin |w(CaOODSP)9.507148 |
| 791 | |tDisability research bulletin |eeng|w(CaOODSP)9.508666 |